The Category of "Religion" in Public Classification: Charity Registration of The Druid Network in England and Wales

Saved in:  
Bibliographic Details
Authors: Taira, Teemu (Author) ; Owen, Suzanne 1965- (Author)
Format: Print Article
Language:English
Check availability: HBZ Gateway
Interlibrary Loan:Interlibrary Loan for the Fachinformationsdienste (Specialized Information Services in Germany)
Published: 2015
In: Religion as a category of governance and sovereignty
Year: 2015, Pages: 90-114

MARC

LEADER 00000naa a22000002c 4500
001 1745981780
003 DE-627
005 20210129044939.0
007 tu
008 210129s2015 xx ||||| 00| ||eng c
020 |a 9789004290556 
035 |a (DE-627)1745981780 
035 |a (DE-599)KXP1745981780 
040 |a DE-627  |b ger  |c DE-627  |e rda 
041 |a eng 
084 |a 0  |2 ssgn 
100 1 |e VerfasserIn  |0 (DE-588)1051794242  |0 (DE-627)786816341  |0 (DE-576)407421297  |4 aut  |a Taira, Teemu 
109 |a Taira, Teemu 
245 1 4 |a The Category of "Religion" in Public Classification  |b Charity Registration of The Druid Network in England and Wales 
264 1 |c 2015 
336 |a Text  |b txt  |2 rdacontent 
337 |a ohne Hilfsmittel zu benutzen  |b n  |2 rdamedia 
338 |a Band  |b nc  |2 rdacarrier 
601 |a Religion 
601 |a Network 
601 |a England 
700 1 |e VerfasserIn  |0 (DE-588)1100288716  |0 (DE-627)859261093  |0 (DE-576)469584955  |4 aut  |a Owen, Suzanne  |d 1965- 
773 0 8 |i Enthalten in  |t Religion as a category of governance and sovereignty  |d Leiden : Brill, 2015  |g (2015), Seite 90-114  |h X, 328 Seiten  |w (DE-627)1617338877  |w (DE-576)451516427  |z 9789004290556  |7 nnam 
773 1 8 |g year:2015  |g pages:90-114 
935 |a mteo 
951 |a AR 
ELC |b 1 
ITA |a 1  |t 1 
LOK |0 000 xxxxxcx a22 zn 4500 
LOK |0 001 3844394486 
LOK |0 003 DE-627 
LOK |0 004 1745981780 
LOK |0 005 20210129044939 
LOK |0 008 210129||||||||||||||||ger||||||| 
LOK |0 035   |a (DE-Tue135)1617338877_2015_90 
LOK |0 040   |a DE-Tue135  |c DE-627  |d DE-Tue135 
LOK |0 092   |o n 
LOK |0 852   |a DE-Tue135 
LOK |0 852 1  |9 00 
LOK |0 935   |a imwa  |a ixau  |a rwrk 
LOK |0 939   |a 29-01-21  |b l01 
ORI |a SA-MARC-ixtheoa001.raw 
REL |a 1 
SUB |a REL